Phía bên kia nửa đêm = The other side of midnight
Saved in:
| Main Author: | |
|---|---|
| Format: | Book |
| Language: | Undetermined |
| Published: |
Hà Nội
Hộ Nhà Văn
2000
|
| Subjects: | |
| Tags: |
Add Tag
No Tags, Be the first to tag this record!
|
| Institutions: | Trung tâm Học liệu Trường Đại học Cần Thơ |
|---|
| LEADER | 00561nam a2200181Ia 4500 | ||
|---|---|---|---|
| 001 | CTU_37862 | ||
| 008 | 210402s9999 xx 000 0 und d | ||
| 082 | |a 813.5 | ||
| 082 | |b S544p | ||
| 100 | |a Sidney Sheldon | ||
| 245 | 0 | |a Phía bên kia nửa đêm | |
| 245 | 0 | |b = The other side of midnight | |
| 245 | 0 | |c Sidney Sheldon, Bá Kim | |
| 260 | |a Hà Nội | ||
| 260 | |b Hộ Nhà Văn | ||
| 260 | |c 2000 | ||
| 650 | |a american fiction ( vietnamese ),american literature - 20th century | ||
| 980 | |a Trung tâm Học liệu Trường Đại học Cần Thơ | ||